| 000 | 01253nam a2200229Ia 4500 | ||
|---|---|---|---|
| 999 |
_c4824 _d4824 |
||
| 003 | OSt | ||
| 005 | 20200416155542.0 | ||
| 008 | 191128s1990 ck gr 000 0 spa d | ||
| 040 |
_aCO-JMCR _cCO-JMCR |
||
| 041 | 0 | _aspa | |
| 082 | 0 | 4 |
_a303.44 / _bP933p |
| 111 | 0 |
_aEncuentro _93150 |
|
| 245 | 0 | 3 |
_aLa participación y organización de la comunidad para el desarrollo social : _bencuentro del sector público sobre organización y participación comunitaria / _cEncuentro |
| 260 |
_aBogotá : _bConsejería para el Desarrollo Social, _c1990 |
||
| 300 |
_a196 páginas ; _c21 cm. |
||
| 505 | _aPresentación del encuentro -- Discurso de instalación -- Participación comunitaria en el Plan Nacional de Rehabilitación -- Organización y participación comunitaria en el plan de desarrollo integral campesino | ||
| 520 | _aEstá obra recoge tanto los resultados de este primer encuentro, como los importantes aportes de las entidades participantes; convirtiéndose así en documento fundamental de consulta para todos aquellos interesados en conocer y analizar. | ||
| 650 | 1 | 4 |
_aParticipación social _zColombia _93151 |
| 650 | 2 | 4 |
_aCongresos _xconferencias _zColombia _93152 |
| 650 | 2 | 4 |
_aDesarrollo comunitario _zColombia _93153 |
| 942 |
_2ddc _cBK |
||